[Event "FIDE World Cup"]
[Site "Tbilisi"]
[Date "2017.09.04"]
[Round "1.2"]
[White "Bacrot, Etienne"]
[Black "Fier, Alexandr"]
[Result "1/2-1/2"]
[WhiteElo "2715"]
[BlackElo "2579"]
[PlyCount "33"]
[EventDate "2017.09.03"]
[EventType "k.o."]
[EventRounds "7"]
[EventCountry "GEO"]
[SourceTitle "CBM 181"]
[Source "ChessBase"]
[SourceDate "2017.11.10"]
[SourceVersion "1"]
[SourceVersionDate "2017.11.10"]
[SourceQuality "1"]

1. e4 c6 2. d4 d5 3. Nd2 dxe4 4. Nxe4 Bf5 5. Qf3 Qd5 6. Bd3 Bxe4 7. Qxe4 Nf6 8.
Qxd5 cxd5 9. Nf3 Nc6 10. a3 e6 11. b3 Be7 12. Bb2 O-O 13. c4 Na5 14. Nd2 dxc4
15. bxc4 Rac8 16. Ke2 Nd7 17. Bc3 1/2-1/2

[Event "FIDE World Cup"]
[Site "Tbilisi"]
[Date "2017.09.04"]
[Round "1.2"]
[White "Balogun, Oluwafemi"]
[Black "Carlsen, Magnus"]
[Result "0-1"]
[WhiteElo "2255"]
[BlackElo "2822"]
[PlyCount "112"]
[EventDate "2017.09.03"]
[EventType "k.o."]
[EventRounds "7"]
[EventCountry "GEO"]
[SourceTitle "CBM 181"]
[Source "ChessBase"]
[SourceDate "2017.11.10"]
[SourceVersion "1"]
[SourceVersionDate "2017.11.10"]
[SourceQuality "1"]

1. Nf3 c5 2. g3 g6 3. Bg2 Bg7 4. d3 Nc6 5. c3 e5 6. a3 Nge7 7. O-O a6 8. b4 d6
9. Nfd2 O-O 10. Nb3 cxb4 11. axb4 Be6 12. e4 Qd7 13. N1d2 b5 14. Re1 Bh3 15.
Bh1 Bg4 16. f3 Be6 17. Nf1 f5 18. Be3 f4 19. Bf2 g5 20. g4 Ng6 21. h3 Qf7 22.
Nfd2 Bf6 23. Bg2 Rfc8 24. Qb1 Bd8 25. Rc1 Qb7 26. d4 exd4 27. Nxd4 Nxd4 28.
cxd4 Rxc1+ 29. Qxc1 Bb6 30. Qb2 Rc8 31. Rc1 Rxc1+ 32. Qxc1 Qa7 33. Qc3 Kf7 34.
Bf1 Ke7 35. Be2 Kd7 36. Kf1 Ne5 37. Qa1 Ng6 38. Qc3 Bf7 39. Bd1 Qc7 40. Qxc7+
Kxc7 41. Bb3 Be8 42. Bg8 h6 43. Nb3 Ne7 44. Be6 Nc6 45. Be1 Bxd4 46. Bd5 Bb2
47. Ke2 Ne5 48. Bd2 Bf7 49. Bxf7 Nxf7 50. Nc1 Nd8 51. Nd3 Bg7 52. e5 Bxe5 53.
Nxe5 dxe5 54. Kd3 Kd6 55. Ke4 Ke6 56. Bc3 Nf7 0-1

[Event "FIDE World Cup"]
[Site "Tbilisi"]
[Date "2017.09.04"]
[Round "1.2"]
[White "Batchuluun, Tsegmed"]
[Black "Adams, Michael"]
[Result "1/2-1/2"]
[WhiteElo "2555"]
[BlackElo "2738"]
[PlyCount "43"]
[EventDate "2017.09.03"]
[EventType "k.o."]
[EventRounds "7"]
[EventCountry "GEO"]
[SourceTitle "CBM 181"]
[Source "ChessBase"]
[SourceDate "2017.11.10"]
[SourceVersion "1"]
[SourceVersionDate "2017.11.10"]
[SourceQuality "1"]

1. d4 Nf6 2. c4 e6 3. Nf3 d5 4. Nc3 Be7 5. Bf4 O-O 6. e3 Nbd7 7. a3 c5 8. cxd5
Nxd5 9. Nxd5 exd5 10. dxc5 Nxc5 11. Be5 Bf5 12. Be2 Bf6 13. Bxf6 Qxf6 14. Nd4
Ne6 15. O-O Nxd4 16. Qxd4 Qxd4 17. exd4 Rfe8 18. Bb5 Rec8 19. Rfc1 Rxc1+ 20.
Rxc1 Rc8 21. Rc5 b6 22. Rxc8+ 1/2-1/2

[Event "FIDE World Cup"]
[Site "Tbilisi"]
[Date "2017.09.04"]
[Round "1.2"]
[White "Bluebaum, Matthias"]
[Black "Mareco, Sandro"]
[Result "1-0"]
[WhiteElo "2646"]
[BlackElo "2650"]
[Annotator "Quintiliano,R"]
[PlyCount "87"]
[EventDate "2017.09.03"]
[EventType "k.o."]
[EventRounds "7"]
[EventCountry "GEO"]
[SourceTitle "CBM 181"]
[Source "ChessBase"]
[SourceDate "2017.11.10"]
[SourceVersion "1"]
[SourceVersionDate "2017.11.10"]
[SourceQuality "1"]

1. d4 d5 2. c4 dxc4 {After some recent efforts by Caruana, the QGA is
experiencing an increase in popularity.} 3. e3 Nf6 (3... e5 $5 {is another
option against this move order, but White still keeps a slight advantage in
many lines.}) 4. Bxc4 e6 5. Nf3 a6 6. O-O c5 7. Qe2 {White has some options
here, so it's kind of a matter of taste.} (7. a4 {stopping b5}) (7. Bb3 {
allowing} b5 {to exploit it with} 8. a4 $1) ({or} 7. dxc5 {with a slight
advantage in a queenless endgame are other ways to play.}) 7... cxd4 {Black
could had kept for some time the flexibility, without this definition.} (7...
b5 {is the main move:} 8. Bb3 (8. Bd3 Bb7 9. dxc5 (9. a4 {a usual idea in such
positions to force weaknesses in Black's camp} b4 10. Nbd2 {[%csl Gc4] the
c4-square, for example} Nbd7 11. a5 $1 Be7 12. Nc4 O-O 13. Rd1 Qc7 {despite
the easier position for White, Black is doing very well to equalise} 14. Bd2
Rac8 $146 {[%cal Yc7b8] strangely, this move is a novelty} 15. Nce5 {[%csl Ga6]
} Nxe5 16. Nxe5 (16. dxe5 c4 $1) 16... Bd6 $1 17. Bxa6 (17. f4 $6 {this move
slightly exposes White's position} cxd4 18. exd4 Ra8 19. Rdc1 Qd8 $11) 17...
Bxa6 18. Qxa6 Ra8 $1 19. Qb5 Bxe5 20. dxe5 Qxe5 $132 21. Bxb4 $2 Ng4 $1 $19 {
[%csl Rh2][%cal Yc5b4]}) 9... Nc6 (9... Bxc5 $2 10. Bxb5+ $1) 10. Rd1 (10. a3
Bxc5 11. b4 Bb6 12. Bb2 O-O 13. Nbd2 Qe7 14. Rac1 Rac8 $11 {Grandelius,N (2603)
-Howell,D (2686) Dubai op 17th 2015 (5) 1/2}) 10... Qc7 11. a4 $1 b4 12. Nbd2
Bxc5 13. Nb3 Bb6 $1 {probably the better square for the bishop, stopping
a5-ideas} 14. Bd2 O-O 15. Rdc1 $6 {[%cal Ga4a5]} (15. Rac1 $142) 15... a5 $1
16. Be1 Rfd8 17. Bb5 Qd6 18. Nbd2 {[%cal Yd2c4];Mirzoev,A (2550)-Borges Matos,
J (2467) Barbera del Valles op 28th 2005 (5) 1/2} Ne5 $1 19. Nxe5 Qxe5 20. Nc4
Qg5 21. f3 (21. f4 Qc5 22. Bf2 Qd5 $1) 21... Bc7 $11) 8... Bb7 9. Rd1 Nbd7 10.
Nc3 (10. a4 b4 11. Nbd2 Be7 12. Nc4 O-O {is ok for Black}) 10... Qb8 $1 {
a nice square for the queen in such positions} 11. d5 $5 {White tries to
exploit his better development by breaking in the centre, but this doesn't
give him an advantage} exd5 12. Nxd5 Nxd5 13. Bxd5 Bxd5 14. Rxd5 Be7 15. e4 Qb7
16. Bg5 f6 $1 17. Bf4 O-O $11 {Postny,E (2618)-Nielsen,P (2681) FIDE World Cup
2011 (1.2) 1/2}) (7... Nc6 8. Rd1 Qc7 {is another way to handle the position}
9. Nc3 Be7 (9... b5 {now might be risk, as after} 10. Bb3 Bb7 {White is in a
better situation to break with} 11. d5 $1 exd5 12. Nxd5 Nxd5 13. Bxd5 Be7 14.
a4 $1 b4 15. e4 O-O 16. g3 $36 {[%cal Yc1f4]}) 10. dxc5 $1 {White relieves the
tension in the centre due to his better development and uses the open files}
Bxc5 11. b3 {[%cal Yc1b2,Ya1c1];Andreikin,D (2708)-Timofeev,A (2549) ch-RUS
Blitz 2017 (8.4) 1-0 and with a quick mobilisation of his forces, White still
retains the better prospects -} (11. a3 {[%cal Yb2b4]})) 8. Rd1 Nc6 9. exd4 Be7
10. a3 $5 {This move is less played, but it is not totally harmless: a3 is
always useful in such positions, and Black is now deprived of the thematic
move ...Nb4 to overprotect the important d5-square.} ({Many games have
continued} 10. Nc3 Nb4 11. Bg5 O-O 12. Ne5 b5 13. Bb3 Bb7 {Black is about to
consolidate his central control with Nbd5, thus White started concrete
operations with} 14. Nxf7 $1 (14. a4 bxa4 15. Nxa4 Bd5 $11) 14... Rxf7 15. Qxe6
{[%cal Gb3g8]} Qf8 16. Re1 {Wojtaszek,R (2711)-Buhmann,R (2590) EU-ch 12th Aix
les Bains 2011 (3) 1-0} Bd8 $5 17. a4 $1 Bc8 18. Qe2 $44) 10... O-O (10... b5
$6 {is a bit risky} 11. Ba2 O-O 12. Nc3 Bb7 (12... b4 13. d5 $1) 13. d5 $1 {
again, White's initiative comes first} exd5 14. Nxd5 Nxd5 15. Bxd5 Qe8 $1 (
15... Qc7 $6 16. Be3 Rac8 17. Rac1 Qb8 18. b4 Nd8 19. Ba7 $1 Qxa7 20. Qxe7 Qb8
21. Rxc8 Qxc8 22. Bxb7 Nxb7 23. h4 $14 {Grivas,E (2503)-Andersson,U (2566)
Internet Section 06B g/8'+2" blitz 2004 (4) 1-0}) {White can still keep
pressing with} 16. Qe4 $1 $146 Bf6 17. Ng5 $1 Bxg5 18. Bxg5 Qxe4 19. Bxe4 Na5
20. Bxb7 Nxb7 21. b4 $1 $14 {[%csl Gb7] White has practical chances in the
endgame.}) 11. Nc3 Nd5 {Mareco stops d5-ideas.} (11... b5 $2 {now is actually
losing} 12. d5 $1 exd5 (12... bxc4 13. dxc6 Qb6 14. Qxc4 Bc5 15. Nd4 Bxd4 16.
Rxd4 e5 17. Rd6 $16 {Gleizerov,E (2587)-Prasad,D (2440) Abu Dhabi op 11th 2001
(6) 1-0}) 13. Nxd5 Bd7 {A sad move to make} 14. Ba2 Nxd5 15. Bxd5 Qc7 16. Qe4
Rae8 17. Bf4 Qc8 18. Rac1 {[%csl Rc6]} Bd6 $2 19. Bxd6 Rxe4 20. Bxe4 $18 {
[%csl Rf8][%cal Gf3e5];Nielsen,P (2620)-Sadvakasov,D (2538) Bled ol (Men) 2002
(10.1) 1-0}) 12. Ba2 {This retreat is a good one, anticipating ...b5 or ...Na5
ideas.} Re8 (12... b5 13. Nxd5 exd5 14. Ne5 $1 Nxe5 (14... Bb7 15. Qf3) 15.
dxe5 Be6 16. Be3 $14 {[%csl Gd5][%cal Ye2f3]}) (12... Bf6 13. Ne4 Bd7 $5 14.
Nxf6+ Qxf6 15. Bg5 Qg6 16. Bb1 Qh5) 13. Qe4 Bf6 ({I'm not sure if Mareco saw
the unexpected possibility} 13... Bxa3 $5 {but this creates some complications}
14. Ng5 $1 (14. Nxd5 exd5 15. Qxd5 Qxd5 16. Bxd5 Bf8 $11) 14... Nf6 15. Qf3 $5
(15. Qh4 Bb4 16. d5 $1 Bxc3 $1 {[%cal Yd8d1]} 17. Be3 Bxb2 $1 18. dxe6 Bxe6 19.
Bxe6 fxe6 20. Rxd8 Raxd8 21. Rb1 b5 $1 $44) 15... Bf8 16. Be3 {[%cal Yd4d5]} (
16. d5 exd5 17. Nxd5 Ne5 $1 {[%cal Ge5f7]}) 16... Nb4 (16... h6 17. Nxf7 $1
Kxf7 18. d5 Ne5 19. Qf4 Qc7 20. Rac1 Qb8 21. Ne4 {and thins still are not
clear, for example} exd5 22. Rxc8 $1 Qxc8 23. Rxd5 $1 {[%cal Ga2g8]} Kg6 $8 24.
Nxf6 gxf6 25. Bb1+ Kf7 26. Ba2 Kg6 {a typical computer's draw :)}) 17. d5 $1 e5
$1 (17... exd5 18. Bxd5 Nbxd5 19. Nxd5 h6 20. Nb6 $16) 18. Bb1 h6 19. Nge4 $44
{the dangerous passed pawn and possibilites on kingside gives good
compensation for the material.}) (13... Nf6 $6 {White is not forced to repeat}
14. Qd3 Nd5 15. Bd2 $14) 14. h4 $1 {[%cal Yf3g5] Bluebaum starts to look for
the iniative in kingside, which will prove to be a serious problem for Black.}
Nce7 15. Ng5 Bxg5 (15... g6 {doesn't helps either} 16. h5 $1 h6 (16... Nf5 {
just blunders a pawn} 17. Nxd5 exd5 (17... Bxg5 18. Bxg5 exd5 19. Qxd5 Qxd5 20.
Bxd5 gxh5 21. Bf3 $18) 18. Qxd5 Qxd5 19. Bxd5 Rf8 20. hxg6 hxg6 21. Ne4 $1 Bxd4
$2 22. g4 Rd8 23. gxf5 Rxd5 24. Be3 Bxf5 25. Rxd4 $1 Rxd4 26. Nf6+ $18) 17. Nf3
{White forced weaknesses around Black's king} Nxc3 (17... g5 18. Bb1 $16) (
17... Bg7 18. hxg6 Nxg6 19. Nxd5 exd5 20. Qxd5 Qxd5 21. Bxd5 $16) 18. bxc3 Bg7
19. Ne5 g5 20. Qf3 Rf8 21. a4 $16 {[%cal Gc1a3]}) 16. Bxg5 Qd6 $6 {Mareco
wants to free himself from the pin, and to continue likely with Bd7-c6, but
White is able to avoid this plan.} (16... h6 17. Bxe7 Nxc3 $1 {this
intermediate move is important} (17... Nxe7 18. d5 $36) 18. bxc3 Qxe7 19. Bb1
f5 20. Qf4 Bd7 21. Re1 Kh8 22. Bc2 Rac8 23. Re3 $14 {White still keeps the
better chances, but Black is fighting on.}) 17. h5 $1 {[%cal Gh5h6] Now
Bluebaum aims for explotation of the dark-squares, since Black has traded the
bishop.} h6 (17... Bd7 18. h6 Nxc3 (18... g6 19. Qe5 $1 Qxe5 20. dxe5 $16 {
[%cal Yc3e4]}) 19. bxc3 Bc6 20. Qg4 g6 21. Bf4 Qd7 (21... Qd8 22. Bxe6 $1) 22.
c4 $16 {Black is almost hopeless.}) 18. Bxe7 Nxe7 (18... Nxc3 19. bxc3 Qxe7 20.
Bb1 f5 21. Qf3 Rb8 22. Re1 Qf7 23. Ba2 Bd7 24. Re5 $16) 19. Bb1 $1 f5 (19...
Nf5 20. d5 $1 ({not} 20. g4 $2 Nh4 $13) 20... Bd7 (20... Kf8 21. dxe6 Qxe6 22.
Qf4 Qe5 23. Qxe5 Rxe5 24. Rd8+ Re8 25. Rxc8 $1 {[%csl Gf5]}) 21. dxe6 Qxe6 22.
Qxb7 Bc6 23. Bxf5 $1 Bxb7 24. Bxe6 Rxe6 25. Re1 $16) (19... Kf8 20. Qh7 $1 f5 (
20... Ng8 21. d5 $1) 21. Rd3 Ng8 22. Rg3 Qxd4 23. Ba2 $16 {[%cal Ga1d1]
Black's difficulties remains even with a pawn up.}) 20. Qe5 $1 {Bluebaum's
moves are very strong, after to provoke many weaknesses in Black's position,
he goes for a much better endgame.} Qxe5 (20... Rd8 21. Ba2 b5 22. Ne2 $1 Nd5
23. Bxd5 Qxd5 24. Nf4 Qxe5 25. dxe5 Rxd1+ 26. Rxd1 Kf8 27. f3 $16) 21. dxe5 $16
{[%csl Ya8,Yc8] Besides to be in a cramped position, Black is also having
trouble to finish his development.} g5 (21... Nc6 22. f4) (21... b5 {[%cal
Gc8b7]} 22. Rd6 $1 (22. Ba2)) 22. Na4 $1 {This idea reinforces White's
advantage.} Nc6 (22... Nd5 23. Bxf5 $1) 23. Nb6 Rb8 24. Ba2 $18 {White is
already winning, Black's position is totally dominated.} Nxe5 25. Re1 Nf7 26.
Rac1 Kf8 27. Rc7 {[%csl Rc8] the rest is just agony} f4 28. Bb3 Nd6 29. Rd1 Nf5
30. Ba4 Re7 31. Rxc8+ Rxc8 32. Nxc8 Rc7 33. Rd8+ Kg7 34. Nd6 Rc1+ 35. Kh2 Nh4
36. Ne4 b5 37. Rd7+ Kf8 38. Bb3 Re1 39. Nc5 Re2 40. Nxe6+ Ke8 41. Rh7 Rxf2 42.
Bd5 Rc2 43. Be4 Rc1 44. Bg6+ {A nice game by Bluebaum, showing some typical
ideas in such positions. It is especially instructive because it is not easy
to see where Mareco went wrong, and still White got a pleasant position quite
naturally.} 1-0

[Event "FIDE World Cup"]
[Site "Tbilisi"]
[Date "2017.09.04"]
[Round "1.2"]
[White "Cawdery, Daniel"]
[Black "Aronian, Levon"]
[Result "0-1"]
[WhiteElo "2449"]
[BlackElo "2799"]
[PlyCount "77"]
[EventDate "2017.09.03"]
[EventType "k.o."]
[EventRounds "7"]
[EventCountry "GEO"]
[SourceTitle "CBM 181"]
[Source "ChessBase"]
[SourceDate "2017.11.10"]
[SourceVersion "1"]
[SourceVersionDate "2017.11.10"]
[SourceQuality "1"]

1. e4 e5 2. Nf3 Nc6 3. d4 exd4 4. Nxd4 Bb4+ 5. c3 Bc5 6. Be3 Bb6 7. Qg4 Nf6 8.
Qxg7 Rg8 9. Qh6 d5 10. Bb5 Bd7 11. Bxc6 bxc6 12. e5 Rg6 13. Qh4 Ng4 14. Qxd8+
Rxd8 15. O-O Nxe5 16. Ne2 Bxe3 17. fxe3 Nc4 18. Nf4 Rf6 19. Rf2 Nxe3 20. Re2
Rxf4 21. Rxe3+ Kf8 22. Nd2 c5 23. g3 Rf6 24. c4 dxc4 25. Nxc4 Be6 26. Rc1 h5
27. Re2 Rd4 28. Ne5 c4 29. Rec2 h4 30. Rf1 Rh6 31. Nf3 Rg4 32. Rg2 Bd5 33. Rd2
c6 34. Ne5 Rg7 35. Re2 f6 36. Rf4 hxg3 37. h4 Re7 38. Re3 Re6 39. Nd7+ 0-1

[Event "FIDE World Cup"]
[Site "Tbilisi"]
[Date "2017.09.04"]
[Round "1.2"]
[White "Cordova, Emilio"]
[Black "Rapport, Richard"]
[Result "0-1"]
[WhiteElo "2629"]
[BlackElo "2675"]
[PlyCount "90"]
[EventDate "2017.09.03"]
[EventType "k.o."]
[EventRounds "7"]
[EventCountry "GEO"]
[SourceTitle "CBM 181"]
[Source "ChessBase"]
[SourceDate "2017.11.10"]
[SourceVersion "1"]
[SourceVersionDate "2017.11.10"]
[SourceQuality "1"]

1. d4 d5 2. Nf3 Nf6 3. c4 c6 4. e3 Bf5 5. Nc3 e6 6. Nh4 Bg6 7. Qb3 Qc7 8. f3
Be7 9. g3 Nbd7 10. Bd2 a6 11. Rc1 dxc4 12. Bxc4 b5 13. Be2 c5 14. Nxg6 hxg6 15.
a4 b4 16. Na2 Bd6 17. f4 Ne4 18. Bf3 Nxd2 19. Kxd2 Rc8 20. Qc4 a5 21. Ke2 Qa7
22. h4 Ke7 23. b3 cxd4 24. Qxd4 Bc5 25. Qe4 Qa6+ 26. Qd3 Qxd3+ 27. Kxd3 Bb6 28.
Rxc8 Rxc8 29. Rc1 Rd8 30. Ke2 Nc5 31. Rxc5 Bxc5 32. Bb7 Rd7 33. Bf3 Rc7 34. Be4
e5 35. Bd3 exf4 36. gxf4 Rc8 37. Bc4 Rh8 38. Nc1 Rxh4 39. Nd3 Bd6 40. Bd5 f5
41. Bg2 g5 42. fxg5 Rg4 43. Bf3 Rxg5 44. Nb2 Rg3 45. Nc4 Bc7 0-1

[Event "FIDE World Cup"]
[Site "Tbilisi"]
[Date "2017.09.04"]
[Round "1.2"]
[White "Demchenko, Anton"]
[Black "Areshchenko, Alexander"]
[Result "1-0"]
[WhiteElo "2645"]
[BlackElo "2652"]
[PlyCount "101"]
[EventDate "2017.09.03"]
[EventType "k.o."]
[EventRounds "7"]
[EventCountry "GEO"]
[SourceTitle "CBM 181"]
[Source "ChessBase"]
[SourceDate "2017.11.10"]
[SourceVersion "1"]
[SourceVersionDate "2017.11.10"]
[SourceQuality "1"]

1. e4 c5 2. Nf3 d6 3. d4 cxd4 4. Nxd4 Nf6 5. Nc3 a6 6. Nb3 e6 7. g4 b5 8. Bg2
Bb7 9. g5 Nfd7 10. O-O Be7 11. f4 O-O 12. Qg4 Re8 13. Be3 Nc6 14. Rad1 Rc8 15.
e5 Ncxe5 16. fxe5 Nxe5 17. Qg3 Bxg2 18. Qxg2 Rc4 19. Rd4 Qc7 20. Nd2 Rxd4 21.
Bxd4 Ng6 22. Nf3 b4 23. Nd1 e5 24. Be3 d5 25. c3 bxc3 26. bxc3 Qc4 27. Nd2 Qxa2
28. Qg4 Rd8 29. Nf3 Bd6 30. Bf2 Nf4 31. Nh4 Qc4 32. Ne3 Qxc3 33. Kh1 Bc5 34.
Qf3 d4 35. Ng4 Qxf3+ 36. Nxf3 e4 37. Bxd4 exf3 38. Bxc5 Rd5 39. Be3 Ne6 40. h4
Rd3 41. Rxf3 Nc7 42. Rf5 Nd5 43. Bf2 a5 44. Re5 h5 45. gxh6 f6 46. Re8+ Kh7 47.
Ra8 f5 48. hxg7 Kxg7 49. Ra7+ Kf8 50. Bc5+ Kg8 51. Nh6+ 1-0

[Event "FIDE World Cup"]
[Site "Tbilisi"]
[Date "2017.09.04"]
[Round "1.2"]
[White "Dreev, Alexey"]
[Black "Bachmann, Axel"]
[Result "1-0"]
[WhiteElo "2648"]
[BlackElo "2648"]
[PlyCount "65"]
[EventDate "2017.09.03"]
[EventType "k.o."]
[EventRounds "7"]
[EventCountry "GEO"]
[SourceTitle "CBM 181"]
[Source "ChessBase"]
[SourceDate "2017.11.10"]
[SourceVersion "1"]
[SourceVersionDate "2017.11.10"]
[SourceQuality "1"]

1. d4 Nf6 2. Nf3 c5 3. c3 b6 4. Bg5 Bb7 5. e3 e6 6. Nbd2 h6 7. Bh4 g5 8. Bg3
Nc6 9. Nc4 Ne4 10. d5 exd5 11. Qxd5 Qe7 12. Rd1 Qe6 13. Qxe6+ dxe6 14. Nce5 Nb8
15. Nd2 Nxg3 16. hxg3 a6 17. Ndc4 b5 18. Nd6+ Bxd6 19. Rxd6 Bd5 20. c4 bxc4 21.
Bxc4 Bxg2 22. Rh2 Bb7 23. f4 gxf4 24. exf4 Ke7 25. Rb6 Ra7 26. Bxe6 Rg8 27.
Bxf7 Rxg3 28. Re6+ Kd8 29. Rd2+ Kc7 30. Re7+ Kb6 31. Rd6+ Kb5 32. Bc4+ Ka5 33.
Be2 1-0

[Event "FIDE World Cup"]
[Site "Tbilisi"]
[Date "2017.09.04"]
[Round "1.2"]
[White "Dzagnidze, Nana"]
[Black "Giri, Anish"]
[Result "1/2-1/2"]
[WhiteElo "2519"]
[BlackElo "2772"]
[PlyCount "44"]
[EventDate "2017.09.03"]
[EventType "k.o."]
[EventRounds "7"]
[EventCountry "GEO"]
[SourceTitle "CBM 181"]
[Source "ChessBase"]
[SourceDate "2017.11.10"]
[SourceVersion "1"]
[SourceVersionDate "2017.11.10"]
[SourceQuality "1"]

1. Nf3 d5 2. c4 e6 3. g3 Nf6 4. Bg2 dxc4 5. O-O a6 6. a4 Nc6 7. b3 cxb3 8. Qxb3
e5 9. Ng5 Qd7 10. Nc3 Nd4 11. Qc4 Bd6 12. Nd5 Nxd5 13. Bxd5 Ne6 14. Nxe6 fxe6
15. Be4 O-O 16. Qc2 h6 17. d3 Rb8 18. Be3 a5 19. Ba7 Ra8 20. Bc5 Rb8 21. Ba7
Ra8 22. Bc5 Rb8 1/2-1/2

[Event "FIDE World Cup"]
[Site "Tbilisi"]
[Date "2017.09.04"]
[Round "1.2"]
[White "El Debs, Felipe de Cresce"]
[Black "Wojtaszek, Radoslaw"]
[Result "1/2-1/2"]
[WhiteElo "2531"]
[BlackElo "2745"]
[PlyCount "47"]
[EventDate "2017.09.03"]
[EventType "k.o."]
[EventRounds "7"]
[EventCountry "GEO"]
[SourceTitle "CBM 181"]
[Source "ChessBase"]
[SourceDate "2017.11.10"]
[SourceVersion "1"]
[SourceVersionDate "2017.11.10"]
[SourceQuality "1"]

1. d4 Nf6 2. c4 e6 3. Nc3 Bb4 4. g3 O-O 5. Bg2 d5 6. a3 Be7 7. Qd3 c5 8. dxc5
Nbd7 9. cxd5 Nxc5 10. Qd1 Nxd5 11. Nxd5 exd5 12. Nf3 Bf6 13. Be3 Ne6 14. Nd4
Re8 15. O-O Nxd4 16. Bxd4 Bxd4 17. Qxd4 Rxe2 18. Rac1 Re7 19. Qxd5 Qxd5 20.
Bxd5 Bh3 21. Rfe1 Rae8 22. Rxe7 Rxe7 23. Bg2 Bf5 24. Bf3 1/2-1/2

[Event "FIDE World Cup"]
[Site "Tbilisi"]
[Date "2017.09.04"]
[Round "1.2"]
[White "Fedoseev, Vladimir1"]
[Black "Bacallao Alonso, Yusnel"]
[Result "1-0"]
[WhiteElo "2731"]
[BlackElo "2573"]
[PlyCount "69"]
[EventDate "2017.09.03"]
[EventType "k.o."]
[EventRounds "7"]
[EventCountry "GEO"]
[SourceTitle "CBM 181"]
[Source "ChessBase"]
[SourceDate "2017.11.10"]
[SourceVersion "1"]
[SourceVersionDate "2017.11.10"]
[SourceQuality "1"]

1. e4 c6 2. d4 d5 3. exd5 cxd5 4. Bd3 Nc6 5. c3 Qc7 6. h3 Nf6 7. Nf3 g6 8. Na3
a6 9. Qe2 Bf5 10. Bxf5 gxf5 11. Nc2 e6 12. Ne3 Ne4 13. Nd2 h5 14. O-O Bd6 15.
Nxd5 exd5 16. f3 O-O-O 17. fxe4 fxe4 18. Rf5 Qd7 19. Rxd5 Bh2+ 20. Kxh2 Qxd5
21. Nc4 Kb8 22. Bf4+ Ka7 23. a4 Ne7 24. Rf1 Ng6 25. Bc7 Rdg8 26. Ne3 Qd7 27.
Qc4 Nh4 28. Rxf7 Rxg2+ 29. Nxg2 Nf3+ 30. Kg3 Qc8 31. Kf2 Rg8 32. Nf4 Ng5 33.
Qc5+ Ka8 34. Nd5 e3+ 35. Ke2 1-0

[Event "FIDE World Cup"]
[Site "Tbilisi"]
[Date "2017.09.04"]
[Round "1.2"]
[White "Flores, Diego"]
[Black "Bu, Xiangzhi"]
[Result "0-1"]
[WhiteElo "2580"]
[BlackElo "2710"]
[PlyCount "78"]
[EventDate "2017.09.03"]
[EventType "k.o."]
[EventRounds "7"]
[EventCountry "GEO"]
[SourceTitle "CBM 181"]
[Source "ChessBase"]
[SourceDate "2017.11.10"]
[SourceVersion "1"]
[SourceVersionDate "2017.11.10"]
[SourceQuality "1"]

1. d4 Nf6 2. c4 e6 3. Nc3 Bb4 4. e3 O-O 5. a3 Bxc3+ 6. bxc3 c5 7. Bd3 Nc6 8.
Ne2 b6 9. O-O Ba6 10. e4 Ne8 11. Ng3 Na5 12. f4 f6 13. f5 Bxc4 14. Bxc4 Nxc4
15. Rf4 cxd4 16. Rh4 dxc3 17. Qh5 Qc7 18. Qxh7+ Kf7 19. Qh5+ Ke7 20. Qe2 Rc8
21. a4 Qe5 22. fxe6 dxe6 23. Bf4 Qd4+ 24. Kh1 c2 25. Rc1 Ne5 26. h3 Qd3 27. Qe1
g5 28. Rh7+ Rf7 29. Bxe5 Rxh7 30. Bb2 g4 31. h4 Rxh4+ 32. Kg1 Rh6 33. Qf2 Qd1+
34. Nf1 Nd6 35. e5 Nf5 36. Qf4 g3 37. exf6+ Kf7 38. Qe4 Rch8 39. Qb7+ Kg6 0-1

[Event "FIDE World Cup"]
[Site "Tbilisi"]
[Date "2017.09.04"]
[Round "1.2"]
[White "Fressinet, Laurent"]
[Black "Lenic, Luka"]
[Result "1/2-1/2"]
[WhiteElo "2650"]
[BlackElo "2646"]
[PlyCount "61"]
[EventDate "2017.09.03"]
[EventType "k.o."]
[EventRounds "7"]
[EventCountry "GEO"]
[SourceTitle "CBM 181"]
[Source "ChessBase"]
[SourceDate "2017.11.10"]
[SourceVersion "1"]
[SourceVersionDate "2017.11.10"]
[SourceQuality "1"]

1. e4 c5 2. Nf3 Nc6 3. d4 cxd4 4. Nxd4 Nf6 5. Nc3 e5 6. Ndb5 d6 7. Bg5 a6 8.
Na3 b5 9. Nd5 Be7 10. Bxf6 Bxf6 11. c3 Bg5 12. Nc2 Ne7 13. a4 bxa4 14. Ncb4 O-O
15. Qxa4 a5 16. Bb5 Nxd5 17. Nxd5 Be6 18. Bc6 Rb8 19. b4 Bxd5 20. Bxd5 axb4 21.
cxb4 Qb6 22. O-O Qxb4 23. Qd7 Bd8 24. g3 Bb6 25. Rab1 Qc5 26. Rb3 Qc7 27. Qf5
g6 28. Qf6 Qd8 29. Qxd8 Rfxd8 30. Rfb1 Bc7 31. Rxb8 1/2-1/2

[Event "FIDE World Cup"]
[Site "Tbilisi"]
[Date "2017.09.04"]
[Round "1.2"]
[White "Goganov, Aleksey"]
[Black "Andreikin, Dmitry"]
[Result "1/2-1/2"]
[WhiteElo "2586"]
[BlackElo "2706"]
[PlyCount "37"]
[EventDate "2017.09.03"]
[EventType "k.o."]
[EventRounds "7"]
[EventCountry "GEO"]
[SourceTitle "CBM 181"]
[Source "ChessBase"]
[SourceDate "2017.11.10"]
[SourceVersion "1"]
[SourceVersionDate "2017.11.10"]
[SourceQuality "1"]

1. d4 Nf6 2. c4 e6 3. Nc3 Bb4 4. Qc2 O-O 5. a3 Bxc3+ 6. Qxc3 d5 7. Nf3 dxc4 8.
Qxc4 b6 9. Bg5 Ba6 10. Qa4 Qd7 11. Qc2 c5 12. Bxf6 gxf6 13. dxc5 Rc8 14. Rd1
Qe7 15. e3 Rxc5 16. Qe4 Bb7 17. Qa4 f5 18. Bd3 Rd5 19. O-O 1/2-1/2